| 000 | 00571cam a2200181 4500 | ||
|---|---|---|---|
| 001 | ##D2158 | ||
| 008 | 090401t1978 xxu||||| |||| 00| 0 eng d | ||
| 035 | _a(Sirsi) u67698 | ||
| 041 | 1 |
_aeng _bfre |
|
| 050 | 0 | 4 | _a692.30971 $2 18 |
| 110 | 2 |
_aCanadian Institute of Quantity Surveyors _91896 |
|
| 245 | 1 |
_aMethod of measurement of construction works = _bSysteme International d'Unites |
|
| 260 | 0 | 0 |
_aOttowa _bCanadian Institute of Quantity Surveyors _c1978 |
| 300 |
_a1 _fv. (loose-leaf) _c30cm |
||
| 690 |
_aQuantity surveying _96263 |
||
| 942 | _n0 | ||
| 948 | _c04/03/1997 | ||
| 999 |
_c95040 _d95040 |
||